Statistics for Megacities that are capitals

Click here to take the quiz!

General Stats

  • This quiz has been taken 64 times
    (21 since last reset)
  • The average score is 14 of 17

Answer Stats

Answer% Correct
Tokyo
100%
London
94%
Moscow
94%
Paris
94%
Beijing
89%
Cairo
89%
Seoul
89%
Bogota
83%
Buenos Aires
83%
Jakarta
83%
Tehran
83%
Bangkok
78%
Dhaka
78%
Lima
78%
Mexico City
78%
Manila
72%
Kinshasa
61%

Score Distribution

Percentile by Number Answered

Percent of People with Each Score

Your Score History

You have not taken this quiz since the last reset